Giáo trình điện tử công nghiệp : (Sách dùng cho các trường đào tạo hệ Trung học chuyên nghiệp)

Nội dung của giáo trình gồm 11 chương, theo trình tự, giáo trình giới thiệu các phần tử rời rạc, các mạch điều khiển và thiết bị cũng như phạm vi ứng dụng của chúng trong thực tế sản xuất.

Guardat en:
Dades bibliogràfiques
Autor principal: Vũ, Quang Hồi
Format: Llibre
Idioma:Undetermined
Publicat: Hà Nội Giáo dục 2005
Matèries:
Etiquetes: Afegir etiqueta
Sense etiquetes, Sigues el primer a etiquetar aquest registre!
Thư viện lưu trữ: Trung tâm Học liệu Trường Đại học Cần Thơ
LEADER 01000nam a2200217Ia 4500
001 CTU_102383
008 210402s9999 xx 000 0 und d
020 |c 25000 
082 |a 621.381 
082 |b H452 
100 |a Vũ, Quang Hồi 
245 0 |a Giáo trình điện tử công nghiệp : 
245 0 |b (Sách dùng cho các trường đào tạo hệ Trung học chuyên nghiệp) 
245 0 |c Vũ Quang Hồi 
260 |a Hà Nội 
260 |b Giáo dục 
260 |c 2005 
520 |a Nội dung của giáo trình gồm 11 chương, theo trình tự, giáo trình giới thiệu các phần tử rời rạc, các mạch điều khiển và thiết bị cũng như phạm vi ứng dụng của chúng trong thực tế sản xuất. 
650 |a Electronic circuits,Electronics,Mạch điện tử,Điện tử 
904 |i Tuyến 
980 |a Trung tâm Học liệu Trường Đại học Cần Thơ